Normal view
MARC view
Entry Topical Term
001 - CONTROL NUMBER
- control field: 897403
003 - CONTROL NUMBER IDENTIFIER
- control field:
005 - DATE AND TIME OF LATEST TRANSACTION
- control field: 20210627092433.0
008 - FIXED-LENGTH DATA ELEMENTS
- fixed length control field: 210627|| aca||aabn | a|a d
040 ## - CATALOGING SOURCE
- Original cataloging agency:
- Transcribing agency:
150 ## - HEADING--TOPICAL TERM
- Topical term or geographic name entry element: Water-Supply
- Geographic subdivision: Rourkee
670 ## - SOURCE DATA FOUND
- Source citation: Work cat.: ()771256: National Seminar on Ground Water and Lift Irrigation (1977 Jan : Rourkee ) 897402, Proceedings :, 1977
